00521nam a22001697a 450000500170000002000220001702000250003903700130006410000240007724500420010124600260014326000370016927000760020630000350028294200170031799900170033420120130105420.0 a8186895507c70.00 a9788186895504c70.00 aDPLbPUB aRao, Sandhya940328 aStrom in The Garden /cby Sandhya Rao aStrom in The Garden / aChennaibTulika Publishersc2007 a13 Prithvi Avenue, AbhiramapurambChennaie600018mtulikabooks@vsnl.com aUnpaged b17cm. (Pbk)cCol.ill 2ddccCHmRAO c61631d61631